000 00663nam a22002057a 4500
999 _c93968
_d93968
005 20221213151702.0
010 _aENG-113253 ENG-135845
020 _c350.00
_a9789380828329
035 _aEN-96785
035 _aEN-119377
037 _bDBAD/PUB
082 _a301.153
100 _aGirja Kumar
245 _aMahatma Gandhi's letters on brahmacharya :
_cby Girja Kumar
_bsexuality and love /
260 _aNew Delhi
_bVitasta Publishing
_c2015(repr.)
270 _a2/15, Ansari Road, Daryaganj
_bNew Delhi
_e110002
300 _a378p.
_c22cm(pbk)
500 _aIncludes bibliographical references and index
942 _2ddc
_cEN
_mGIR
_h301.153